000 00630nam a2200229Ia 4500
003 OSt
005 20250113101159.0
008 210210b2007 xxu||||| |||| 00| 0 eng d
040 _cAL
041 _aKannada
082 _a211K NATD
100 _aNATARAJ (E S)
_dನಟರಾಜ್ (ಇ ಎಸ್)
_9193174
245 _aDevaru: samagra chintane
_bದೇವರು : ಸಮಗ್ರ ಚಿಂತನೆ
260 _aBengaluru
_b-
_c2007
300 _axvi,408
650 _asamagra
_9193175
650 _aDevaru:
_9193176
650 _achintane
_9193177
690 _aReligion
_9193178
906 _aSG04977
942 _2ddc
_cBK
999 _c117871
_d117871